000 01405nam a2200385 i 4500
001 7018
003 KOSZ 005
005 20201014135407.0
008 970510s1995 pl a f f |000 0 pol
015 _aPB 1995/8521
020 _a8320418739
040 _aWA N
_cWA N
_dKOSZ 005/HR
046 _k1995
080 _a621.9.06-52
080 _a(075.8)
100 1 _aKosmol, Jan
_eAutor
245 1 0 _aAutomatyzacja obrabiarek i obróbki skrawaniem /
_cJan Kosmol.
260 _aWarszawa :
_bWydawnictwa Naukowo-Techniczne,
_c1995.
300 _a411, [1] s. :
_bfot., rys., wykr. ;
_c24 cm.
380 _aKsiążki
380 _aPublikacje dydaktyczne
385 _mPoziom nauczania
_aSzkoły wyższe
388 _a1901-2000
388 _a1989-2000
504 _aBibliogr. s. 410-[412].
521 _aDla studentów wydz. mechanicznych wyższych szkół technicznych, a także mechaników i automatyków zajmujących się zagadnieniami automatyzacji i robotyzacji procesów wytwarzania.
650 4 _aSkrawanie
650 4 _aAutomatyzacja
650 4 _aObrabiarka sterowana numerycznie
655 4 _aPodręczniki akademickie
658 _aInżynieria i technika
710 2 _aWydawnictwa Naukowo-Techniczne
_4pbl.
856 _uhttp://koha.tu.koszalin.pl/cgi-bin/koha/opac-detail.pl?biblionumber=7018
_yKatalog online BPK
942 _2UKD
_cKS
999 _c7018
_d7018